000 00694cam a22002293a 4500
001 20164
003 PGUSA
005 20140828083427.0
008 061222s2006||||xxu|||||s|||||000 | eng d
040 _aPGUSA
_beng
042 _adc
050 4 _aPR
100 1 _aMorley, John,
_d1838-1923
245 1 0 _aCritical Miscellanies, Volume I (of 3) :
_bEssay 4: Macaulay
_h[electronic resource] /
_cJohn Morley
260 _bProject Gutenberg,
_c2006
506 _aPublic domain in the USA.
516 _aElectronic text
653 _aMacaulay, Thomas Babington Macaulay, Baron, 1800-1859
830 0 _aProject Gutenberg
_v20164
856 4 0 _uhttp://www.gutenberg.org/ebooks/20164
942 _cEB
999 _c249419
_d249419